[Event "Moscow Alekhine op"]
[Site "Moscow"]
[Date "1992.??.??"]
[Round "?"]
[White "Kharlov, Andrei"]
[Black "Panchenko, Alexander N"]
[Result "1-0"]
[WhiteElo "2555"]
[BlackElo "2465"]
[Annotator "Schussler,H"]
[PlyCount "67"]
[EventDate "1992.10.??"]
[EventType "swiss"]
[EventRounds "9"]
[EventCountry "RUS"]
[SourceTitle "CBM 033"]
[Source "ChessBase"]
[SourceDate "1993.04.01"]
[SourceVersion "1"]
[SourceVersionDate "1993.04.01"]
[SourceQuality "1"]

1. e4 d6 2. d4 Nf6 3. Nc3 e5 4. Nf3 Nbd7 (4... exd4 5. Nxd4 Be7 6. Bc4 O-O 7.
O-O Nc6 {7. - Nxe4!?. Zaitsev,I-Kuzmin,G, Moscow 1992, CBM 33 game 650.}) 5.
Bc4 (5. a4 Be7 6. g3 $5 O-O 7. Bg2 c6 8. O-O b6 {+/=/= Romero Holmes,A.Franco,
Z, Leon 1992. CBM 31 game 375.}) 5... Be7 6. O-O O-O 7. a4 c6 8. Re1 (8. Qe2
exd4 $5 9. Nxd4 Nc5 (9... Re8 10. Ba2 Bf8 11. Qf3 Ne5 12. Qd1 a5 13. h3 $5 {
13.Bg5!? (Nevednichij)} Qb6 $1 14. Nde2 (14. Re1 $2 Bxh3 15. gxh3 Qxd4 $19) (
14. Be3 Qb4 $1 {+/=//}) 14... Ned7 $6 {14. - Be6 +/=/=} 15. Ng3 Nc5 16. Bg5 $14
{Wedberg,T-Nevednichij, Manila (ol) 1992.}) 10. Ba2 a5 11. Qf3 Qb6 12. Nb3 $5
$14 {Kaminski,M-Cifuentes Parada,R, Polanica Zdroj 1992. CBM 31 game 745.})
8... Qc7 (8... h6 9. h3 (9. a5 $5 Re8 10. d5 Bf8 11. b4 $5 cxd5 12. Nxd5 Nxd5
13. Qxd5 Qe7 14. Be3 Nf6 15. Qd3 $14 {Tseitlin,MS-Belikov,V, Moscow 1992. CBM
33 game 620.}) 9... Re8 10. Bf1 $5 Bf8 11. g3 b6 12. Bg2 Bb7 13. b3 a6 14. Bb2
{+/=/=. Timoshchenko,G-Belikov,V, Moscow 1992. CBM 33 game 613.}) (8... a5 9.
Ba2 (9. h3 Re8 10. Be3 Qc7 11. Qb1 $5 {+/=/=. Zaitsev,I-Rashkovsky,N, Moscow
1992. CBM 33 game 651.}) 9... h6 10. Qd3 exd4 11. Nxd4 Ne5 {The N is passive
here. 11. - Nc5!?.} 12. Qd1 Re8 13. h3 Ng6 14. Be3 Bf8 15. Qe2 Qe7 (15... Nxe4
$2 16. Nxe4 Rxe4 17. Bxf7+ $1 $18 Kxf7 18. Qf3+) 16. f3 Qc7 $14 {Aseev,
K-Belikov,V, Moscow 1992. CBM 33 game 404.}) 9. h3 (9. a5 Re8 10. h3 exd4 11.
Nxd4 g6 12. Bf4 Bf8 13. Qd2 Nc5 $14 {Kholmov,R-Chernosvitov,A, Vokresensk 1992.
CBM 31 game 985.}) 9... b6 10. Bg5 Bb7 11. Re2 $1 {Protecting c2, thus
planning d4-d5.} a6 12. d5 cxd5 13. Bxd5 Bxd5 14. Bxf6 Nxf6 15. Nxd5 Nxd5 16.
Qxd5 Rfc8 17. Ne1 $1 $14 Rab8 $6 {17. - Qc4!} 18. Nd3 Qc4 19. Qxc4 Rxc4 20. a5
$1 b5 21. c3 $1 {Preparing Nd3-b4-d5.} d5 $2 22. Nxe5 $1 Rxe4 23. Rxe4 dxe4 24.
Nc6 Rb7 25. Nxe7+ Rxe7 26. Rd1 {+ -/+/-} Kf8 $6 27. Rd6 Re6 $6 28. Rxe6 fxe6
29. Kh2 $18 Ke7 30. Kg3 Kd6 {30. - e5!?} 31. Kf4 Kc5 32. b3 b4 (32... Kd5 33.
h4 $18 {Zugzwang will follow.}) 33. c4 Kd4 34. h4 1-0

[Event "Hoogovens op"]
[Site "Wijk aan Zee"]
[Date "1993.01.??"]
[Round "11"]
[White "Van der Werf, Mark"]
[Black "Cifuentes Parada, Roberto"]
[Result "1/2-1/2"]
[WhiteElo "2395"]
[BlackElo "2480"]
[Annotator "Schussler,H"]
[PlyCount "35"]
[EventDate "1993.01.??"]
[EventType "swiss"]
[EventRounds "12"]
[EventCountry "NED"]
[SourceTitle "CBM 034"]
[Source "ChessBase"]
[SourceDate "1993.06.01"]
[SourceVersion "1"]
[SourceVersionDate "1993.06.01"]
[SourceQuality "1"]

1. e4 e5 2. Nf3 d6 3. d4 Nf6 4. dxe5 Nxe4 5. Qd5 $1 (5. Nbd2 Nxd2 6. Bxd2 Be7
7. Bd3 Nc6 8. Qe2 Bg4 $10) 5... Nc5 6. Bg5 Qd7 $1 (6... Be7 7. exd6 Qxd6 8. Nc3
h6 9. Be3 c6 10. Qxd6 Bxd6 11. O-O-O Ke7 12. Bc4 $14) 7. exd6 (7. Nc3 c6 $1 8.
Qd2 dxe5 9. Nxe5 Qxd2+ 10. Bxd2 Be6 11. O-O-O Nbd7 $10 {Velimirovic,D-Nicolic,
V, bela Crkva 1984.}) 7... Bxd6 8. Nc3 O-O 9. O-O-O a6 $5 (9... Nc6 {
(Petrosjan,T)} 10. Be3 {10.Nb5!? (Chandler,M)} Ne7 11. Qc4 b6 12. Ne4 Nxe4 13.
Qxe4 Qc6 14. Bd3 Qxe4 15. Bxe4 Rb8 16. Nd4 {+/=/= - Byrne,R-Petrosjan,T,
Manila 1976}) (9... h6 $5 10. Be3 Qe7 $13 {Preparing 11. - Be6.}) 10. Be3 Qc6
$1 {New. 10. - Ne6?! 11.Ne5 +/-/+/=} 11. Qh5 Nbd7 $1 12. Bd4 Bf4+ $1 13. Kb1
Qh6 14. Qxh6 Bxh6 15. Nd5 Ne6 16. Ne7+ Kh8 17. Nxc8 Raxc8 18. Bc4 $6 $10 {
18.Bc3 +/=/=} 1/2-1/2

[Event "Bled op 13th"]
[Site "Bled"]
[Date "1992.??.??"]
[Round "6"]
[White "Rogulj, Branko"]
[Black "Nevednichy, Vladislav"]
[Result "0-1"]
[WhiteElo "2435"]
[BlackElo "2470"]
[Annotator "Schussler,H"]
[PlyCount "76"]
[EventDate "1992.03.??"]
[EventType "swiss"]
[EventRounds "9"]
[EventCountry "SLO"]
[SourceTitle "CBM 029"]
[Source "ChessBase"]
[SourceDate "1992.08.01"]
[SourceVersion "1"]
[SourceVersionDate "1992.08.01"]
[SourceQuality "1"]

1. e4 d6 2. d4 Nf6 (2... e5 3. Nf3 f5 4. Bc4 fxe4 5. Nxe5 dxe5 6. Qh5+ Kd7 7.
Qf5+ Kc6 8. Qxe4+ Kb6 9. Be3 exd4 10. Nc3 Nf6 11. Na4+ Ka5 12. Bd2+ Kxa4 13. a3
{1 - 0 Ginzburg,M-Schuster,F, Buenos Aires 1992.}) 3. Nc3 e5 4. Nf3 Nbd7 {
4. - Bg4? - Gilko,B-Polihroniade,E, Sevilla 1992 CBM 29 game 858} 5. Bc4 Be7 6.
O-O O-O 7. a4 (7. Qe2 exd4 $5 8. Nxd4 Ne5 9. Bb3 c5 10. Nf5 Bxf5 11. exf5 Qd7
12. f4 Nc6 $13 {Braevniy,R-Braun GRT-CupT f 1992 CBM 29 game 705}) 7... c6 8.
Ba2 (8. a5 $5 {8.Ba2 - Mencinger,V-Cander,M, Bled op 1992 CBM 29 game 185} Rb8
9. Qe2 Qc7 10. Ng5 $5 b5 (10... exd4 $2 11. Bxf7+ Rxf7 12. Ne6 $18) 11. axb6
Nxb6 12. dxe5 dxe5 13. Ba6 $14 {Sermek,D-Panchenko,AN, Bled op 1992 CBM 29
game 297}) 8... a5 (8... Re8 9. Re1 Qc7 10. h3 h6 11. Be3 a5 12. Nd2 Nf8 13. d5
N8d7 14. Nc4 cxd5 15. Nxd5 Nxd5 16. Qxd5 $14 {Mencinger,V-Cander,M, Bled op
1992 CBM 29 game 185}) 9. h3 exd4 10. Nxd4 Nc5 11. Qf3 Qb6 12. Rd1 Be6 13. Nxe6
fxe6 14. Be3 d5 15. exd5 exd5 16. Bd4 Kh8 17. Qg3 Qd8 $10 18. Qe3 Qd6 19. Be5
Qd7 20. Bc4 Rac8 21. Bxf6 Rxf6 22. Nxd5 $2 cxd5 23. Rxd5 Qe6 {23. - Qc7} 24.
Rd8+ $2 {24.Rxc5 =} Rxd8 25. Bxe6 Nxe6 26. Rf1 Bc5 27. Qe5 h6 28. Qe4 b6 $17
29. c3 Ng5 30. Qb7 Re8 31. Kh1 Ne4 $19 32. Qd7 Ng3+ 33. Kg1 Ref8 34. Rd1 Bxf2+
35. Kh2 Ne2 36. h4 Bg3+ 37. Kh3 Rg6 38. Rd4 Ng1# 0-1

[Event "Sao Paulo zt"]
[Site "Sao Paulo"]
[Date "1993.??.??"]
[Round "6"]
[White "Milos, Gilberto"]
[Black "Slipak, Sergio"]
[Result "1-0"]
[WhiteElo "2560"]
[BlackElo "2405"]
[Annotator "Schussler,H"]
[PlyCount "75"]
[EventDate "1993.??.??"]
[EventType "swiss"]
[EventRounds "9"]
[EventCountry "BRA"]
[SourceTitle "CBM 036"]
[Source "ChessBase"]
[SourceDate "1993.10.01"]
[SourceVersion "1"]
[SourceVersionDate "1993.10.01"]
[SourceQuality "1"]

1. e4 e5 2. Nf3 d6 3. d4 exd4 4. Nxd4 (4. Qxd4 a6 $5 5. Bg5 Nc6 6. Qc3 Nf6 7.
Bxf6 Qxf6 8. Qxf6 gxf6 9. Nc3 f5 $1 10. Nd5 Kd8 11. Ng5 Ne5 12. f4 h6 $10 {
Savon,V-Kuzmin,G Nikolaev zt 1993}) 4... Nf6 5. Nc3 (5. f3 $5 g6 {5. - d5!?} 6.
c4 Bg7 7. Nc3 O-O 8. Be3 c6 $13 {K-Indian. San Segundo,P-Rivas Pastor,M Madrid
1993}) 5... Be7 6. g3 $5 (6. Be2 O-O 7. O-O Re8 8. Re1 h6 9. a4 Bf8 10. Bc4 Nc6
11. Be3 Nb4 12. Nd5 Nbxd5 13. exd5 Bd7 $14 {Adams,M-Azmaiparashvili, Las
Palmas 1993}) (6. Bc4 $1 O-O 7. O-O a6 $5 (7... Nbd7 8. Qe2 {8.Te1 +/=} Ne5 9.
Bb3 c5 10. Nf5 Bxf5 11. exf5 Qd7 12. Nd5 $13 {Polgar,J-Izeta,F, Madrid 1993})
8. a4 Nxe4 9. Nxe4 d5 10. Bd3 dxe4 11. Bxe4 Bf6 12. Be3 Nd7 13. c3 Re8 14. Qc2
g6 15. Rfe1 $14 {Yudasin,L-Adams,M Dos Hermanas 1993}) 6... d5 $5 7. e5 Ne4 (
7... Ng4 $2 8. e6 $1) 8. Nxe4 dxe4 9. e6 $1 O-O 10. exf7+ Kh8 11. Bc4 c5 12.
Ne6 Qxd1+ 13. Kxd1 Bxe6 14. Bxe6 Nc6 15. c3 Rad8+ 16. Ke2 $16 Rd6 17. Bf5 Rxf7
18. Bxe4 Re6 19. f3 g5 20. Be3 Rf8 21. Bd5 $6 Re5 22. Rhd1 g4 $5 23. f4 (23.
fxg4 $2 Bg5 24. Rd3 Bxe3 $19) 23... Nd4+ 24. cxd4 (24. Rxd4 $5 cxd4 25. fxe5
dxe3 26. Kxe3) 24... Rxd5 25. Rac1 Rh5 26. Bg1 b6 27. Kf1 Rc8 28. Re1 Bf6 29.
Re6 Kg7 30. dxc5 bxc5 31. Rc2 $18 Rd5 32. b3 Rc7 33. Ke2 Kf7 34. Re4 Rh5 35. b4
Bd4 $6 36. Kf1 $2 (36. Rxd4 $2 Re7+ $13) (36. Bxd4 Rxh2+ 37. Bf2 $18) 36... Rb7
$6 (36... Bxg1 37. Kxg1 $18) 37. Bxd4 Rxb4 $6 38. Re5 1-0

[Event "Kolkata"]
[Site "Kolkata"]
[Date "1991.??.??"]
[Round "?"]
[White "Prasad, Devaki V"]
[Black "Barua, Dibyendu"]
[Result "1/2-1/2"]
[WhiteElo "2420"]
[BlackElo "2515"]
[Annotator "Schussler,H"]
[PlyCount "82"]
[EventDate "1991.01.??"]
[EventType "tourn"]
[EventRounds "10"]
[EventCountry "IND"]
[EventCategory "11"]
[SourceTitle "CBM 022"]
[Source "ChessBase"]
[SourceDate "1991.06.01"]
[SourceVersion "1"]
[SourceVersionDate "1991.06.01"]
[SourceQuality "1"]

1. e4 e5 2. Nf3 d6 3. d4 Nd7 4. Bc4 c6 5. O-O Be7 6. a4 Ngf6 7. Nc3 O-O 8. Qe2
a5 9. Rd1 Qc7 10. h3 h6 11. Nh4 Nb6 12. dxe5 dxe5 13. Bb3 Kh7 14. Nf5 Bxf5 15.
exf5 Rad8 16. Rxd8 Bxd8 17. g4 Nbd5 18. Bd2 Re8 19. Ne4 Nxe4 20. Qxe4 Nf6 21.
Qe2 e4 22. Rd1 Nd5 23. Bxd5 cxd5 24. Be3 Qe5 25. Qb5 Bc7 26. Rxd5 Qh2+ 27. Kf1
Qxh3+ 28. Ke1 Rb8 29. Rd7 Rd8 30. Rxd8 Bxd8 31. Qd5 Bg5 32. Qxe4 Bxe3 33. fxe3
f6 34. Kd2 Qh2+ 35. Kd3 Qc7 36. c3 b6 37. Qd4 Qc6 38. Qe4 Qd6+ 39. Kc2 Qh2+ 40.
Kb3 Qd6 41. Qd4 Qc6 $16 1/2-1/2

[Event "Hastings 9091"]
[Site "Hastings"]
[Date "1990.12.??"]
[Round "3"]
[White "Sax, Gyula"]
[Black "Kosten, Anthony C"]
[Result "1-0"]
[WhiteElo "2600"]
[BlackElo "2510"]
[Annotator "Schussler,H"]
[PlyCount "75"]
[EventDate "1990.12.??"]
[EventType "tourn"]
[EventRounds "14"]
[EventCountry "ENG"]
[EventCategory "13"]
[SourceTitle "CBM 022"]
[Source "ChessBase"]
[SourceDate "1991.06.01"]
[SourceVersion "1"]
[SourceVersionDate "1991.06.01"]
[SourceQuality "1"]

1. e4 e5 2. Nf3 d6 3. d4 f5 4. dxe5 {4.Nc3, 4.Bc4} fxe4 5. Ng5 d5 6. e6 Bb4+ (
6... Nh6 7. Nc3 c6 8. Ngxe4 dxe4 {4. - Bxe6 5.Bxh6 gxh6 6.Qh5+, and 4. - Nf5 5.
Ng5 is also better for White.} 9. Qh5+ g6 10. Qe5 Rg8 11. Bg5 $16) 7. c3 Bc5 8.
Nxe4 Be7 9. Ng5 {Sax`move is probably a novelty. Also good is the older 9.Qg4.}
Bxg5 10. Qh5+ g6 11. Qxg5 Qxg5 12. Bxg5 Bxe6 $2 {12. - Ne7} 13. Bf4 $1 Nc6 14.
Bxc7 Kd7 15. Bf4 Re8 16. Na3 Bg4+ 17. Kd2 Nf6 18. f3 Be6 19. Nb5 $18 Nh5 20.
Be3 a6 21. Nd4 Ne5 22. b3 Rhg8 23. Re1 g5 24. g4 Nf6 25. h4 Rgf8 26. Bg2 (26.
hxg5 Nxf3+ 27. Nxf3 Ne4+) 26... gxh4 27. Bh6 Ne4+ 28. fxe4 Rf2+ 29. Re2 Rxe2+
30. Nxe2 Bxg4 31. Rxh4 Rg8 32. Bf4 Bxe2 33. Bh3+ Bg4 34. Bxe5 Bxh3 35. Rxh3
Rg2+ 36. Ke3 dxe4 37. Rxh7+ Ke6 38. Rh2 1-0

[Event "Biel-B"]
[Site "Biel"]
[Date "1990.??.??"]
[Round "6"]
[White "Ioseliani, Nana"]
[Black "Costa, Jean Luc"]
[Result "1/2-1/2"]
[WhiteElo "2480"]
[BlackElo "2405"]
[Annotator "Schussler,H"]
[PlyCount "127"]
[EventDate "1990.07.??"]
[EventType "tourn"]
[EventRounds "11"]
[EventCountry "SUI"]
[EventCategory "10"]
[SourceTitle "CBM 019"]
[Source "ChessBase"]
[SourceDate "1990.12.01"]
[SourceVersion "1"]
[SourceVersionDate "1990.12.01"]
[SourceQuality "1"]

1. e4 d6 2. d4 Nf6 3. Nc3 e5 4. Nf3 Nbd7 5. Bc4 Be7 6. O-O c6 7. a4 O-O 8. Re1
a5 9. h3 Nb6 10. Ba2 Nfd7 11. Be3 exd4 12. Qxd4 {12.Nxd4 is slightly better
for White.} Nc5 13. Rad1 Be6 14. Bxe6 fxe6 15. e5 d5 16. Qg4 Qe8 17. Nd4 Qg6
18. Qxg6 hxg6 19. Nxe6 Nxe6 20. Bxb6 Rf4 21. b3 (21. Be3 Rb4 22. Bc1 d4 23. Ne2
Rxa4 24. b3 Ra2) 21... Rb4 22. Be3 d4 23. Na2 dxe3 24. Nxb4 exf2+ 25. Kxf2 Bxb4
$15 26. Re4 Bc5+ 27. Kg3 Rf8 28. c3 Be7 29. b4 Rd8 30. Rxd8+ Bxd8 31. Kf2 Kf7
32. Ke2 axb4 33. cxb4 Nc7 34. Kd3 Be7 35. Kc4 b5+ 36. Kb3 bxa4+ 37. Kxa4 Nd5
38. Rg4 g5 39. Ka5 Ke6 40. b5 Bd8+ 41. Ka6 cxb5 42. Kxb5 Kxe5 43. Kc6 Bf6 44.
Kd7 Kf5 45. Ke8 Be5 46. Ra4 Nf4 47. g4+ Ke6 48. Ra3 Kd5 49. Kf7 Ke4 50. Rb3 Bf6
51. Ra3 Nd3 52. Kg6 Ne5+ 53. Kh5 Kf4 54. Ra4+ Kg3 55. Ra3+ Kg2 56. Re3 Nf3 57.
Rd3 Ng1 58. h4 gxh4 59. g5 Be7 60. Kxh4 Nf3+ 61. Kh5 Bb4 62. Rb3 Bd6 63. Rb7
Be5 64. Kg6 1/2-1/2

[Event "Leon"]
[Site "Leon"]
[Date "1990.??.??"]
[Round "9"]
[White "Romero Holmes, Alfonso"]
[Black "Magem Badals, Jordi"]
[Result "0-1"]
[WhiteElo "2460"]
[BlackElo "2460"]
[Annotator "Schussler,H"]
[PlyCount "28"]
[EventDate "1990.06.??"]
[EventType "tourn"]
[EventRounds "11"]
[EventCountry "ESP"]
[EventCategory "9"]
[SourceTitle "CBM 020"]
[Source "ChessBase"]
[SourceDate "1991.02.01"]
[SourceVersion "1"]
[SourceVersionDate "1991.02.01"]
[SourceQuality "1"]

1. e4 e5 2. Nf3 d6 3. d4 Nf6 4. dxe5 Nxe4 5. Qd5 Nc5 6. Bg5 Qd7 7. exd6 Qxd6 {
7. - Bxd6 8.Nc3 0-0 9.0-0-0 + =.} 8. Nc3 Ne6 $5 9. O-O-O Qxd5 10. Nxd5 Bd6 11.
Bc4 Nc6 12. Rhe1 O-O 13. Bh4 a6 14. Nb6 $4 Bf4+ 0-1

[Event "Groningen"]
[Site "Groningen"]
[Date "1990.??.??"]
[Round "?"]
[White "Adams, Michael"]
[Black "Wahls, Matthias"]
[Result "1/2-1/2"]
[WhiteElo "2590"]
[BlackElo "2525"]
[Annotator "Schussler,H"]
[PlyCount "134"]
[EventDate "1990.12.??"]
[EventType "tourn"]
[EventRounds "9"]
[EventCountry "NED"]
[EventCategory "13"]
[SourceTitle "CBM 021"]
[Source "ChessBase"]
[SourceDate "1991.04.01"]
[SourceVersion "1"]
[SourceVersionDate "1991.04.01"]
[SourceQuality "1"]

1. e4 d6 2. d4 Nf6 3. Nc3 e5 4. Nf3 Nbd7 5. Bc4 Be7 6. O-O O-O 7. a4 a5 8. Qe2
c6 9. Rd1 Qc7 10. Be3 Ng4 11. Bc1 Nb6 12. Bb3 exd4 13. Nxd4 d5 14. g3 Bb4 15.
exd5 Bxc3 16. d6 Qxd6 17. bxc3 Nd5 18. Ba3 Qh6 19. h4 Rd8 20. Bb2 Bd7 21. Qd2
Qg6 22. c4 Ndf6 23. Qg5 c5 24. Qxg6 hxg6 25. Nb5 Bc6 26. Nc7 Bf3 27. Rd3 Rxd3
28. cxd3 Rd8 29. Bc2 Ne4 30. Rf1 (30. dxe4 Rd2 31. Rc1 Rxf2) 30... Nd2 31. Rc1
Bc6 32. Nd5 Bxd5 33. cxd5 Rxd5 34. Bc3 Nf3+ 35. Kg2 Nd4 36. Bb1 Ne2 37. Rc2
Nxc3 38. Rxc3 b6 $19 39. Kf3 Nf6 40. Ba2 Rf5+ {40. - Td6 - +} 41. Ke2 Nd5 42.
Rc1 Nb4 43. Bc4 Re5+ 44. Kd2 Kf8 45. f4 Re7 46. Bb5 Re6 47. Bc4 Rd6 48. Kc3 Nc6
49. Rh1 Nd4 50. Kd2 Ke7 51. Re1+ Kd8 52. Rh1 $1 Rd7 53. h5 gxh5 54. Rxh5 Re7
55. Rh8+ Kc7 56. g4 f6 57. Rg8 $15 Kd6 58. Rd8+ Kc6 59. Bd5+ Kc7 60. Rg8 Kd6
61. Be4 b5 62. axb5 Nxb5 63. Rb8 Nd4 64. Rb6+ Kd7 65. Ra6 c4 66. Kc3 cxd3 67.
Bxd3 Ne6 {68.Lf5 g6 =} 1/2-1/2

[Event "Cappelle op 20th"]
[Site "Cappelle la Grande"]
[Date "2004.03.03"]
[Round "6"]
[White "Hauchard, Arnaud"]
[Black "Seret, Jean Luc"]
[Result "0-1"]
[WhiteElo "2499"]
[BlackElo "2315"]
[Annotator "Seret,JL"]
[PlyCount "64"]
[EventDate "2004.02.28"]
[EventType "swiss"]
[EventRounds "9"]
[EventCountry "FRA"]
[SourceTitle "CBM 099 Extra"]
[Source "ChessBase"]
[SourceDate "2004.05.04"]
[SourceVersion "1"]
[SourceVersionDate "2004.05.04"]
[SourceQuality "1"]

1. d4 d6 2. e4 Nf6 3. Nc3 Nbd7 4. Nf3 e5 5. Bc4 Be7 6. O-O O-O 7. Re1 c6 8. a4
b6 9. b3 Bb7 10. Bb2 a6 11. Qd2 (11. Bd3 Re8 12. Ne2 Bf8 13. Ng3 g6 14. c4 exd4
15. Bxd4 Ne5 16. Bc2 Bg7 17. h3 Nfd7 18. Nh2 Qh4 19. Qd2 Nc5 20. Be3 h6 21.
Nhf1 d5 22. f4 dxc4 23. fxe5 Bxe5 24. b4 Ne6 25. Bf2 Qf6 26. Ra3 Bf4 27. Be3
Rad8 28. Qf2 Bxe3 29. Qxe3 Nd4 30. Bb1 Qe7 31. Qxh6 Qe5 32. Nh2 Bc8 33. Rf1 Re7
34. Qh4 c5 35. Nf3 Nxf3+ 36. Raxf3 cxb4 37. Rxf7 Rxf7 38. Qxd8+ Kg7 39. Qxc8
Qd4+ 40. Kh2 c3 {Mastrovasilis,D (2493)-Azmaiparashvili,Z (2702) Greece 2003
1-0}) 11... Qc7 12. Rad1 Rad8 13. Bd3 Rfe8 14. Ne2 Bf8 15. Ng3 g6 16. h4 $146 (
16. c4 Bg7 17. Qc1 Nf8 18. c5 dxc5 19. dxc5 b5 20. axb5 cxb5 21. b4 N6d7 22.
Nf1 Nb8 23. Ne3 Ne6 24. Bb1 Nd4 25. Nd5 Nxf3+ 26. gxf3 Qc8 27. Qg5 Kh8 28. Rd2
Nc6 29. Ba2 Qh3 30. Rd3 f5 31. Red1 Nd4 32. Bxd4 exd4 33. Nf4 Qh6 34. Ne6 fxe4
35. Qxh6 Bxh6 36. Nxd8 {1-0 (36) Djukic,N (2396)-Solak,D (2521) Budva 2003})
16... Bg7 17. h5 Ng4 18. Qg5 Ndf6 19. dxe5 dxe5 20. Qh4 Bc8 21. Bc1 b5 22. h6
Bf8 23. Bg5 Be7 24. Nd2 Qa7 25. Re2 $2 (25. Nh1 Nh5 $17) 25... Nxf2 26. Rxf2
Ng4 27. Bxe7 Rxd3 $4 (27... Qxf2+ $1 28. Kh1 Rxd3 $17) 28. cxd3 $4 (28. Nh5 $1
$16) 28... Qxf2+ 29. Kh1 Qf4 30. Rf1 $2 (30. Nh5 $1 gxh5 31. Bc5 Qxh6 $17 32.
a5 f5) 30... Qxd2 31. axb5 Rxe7 32. Nh5 Qxh6 0-1

[Event "EU-Cup 33rd"]
[Site "Antalya"]
[Date "2017.10.08"]
[Round "1.1"]
[White "Steingrimsson, Hedinn"]
[Black "Mamedyarov, Shakhriyar"]
[Result "0-1"]
[WhiteElo "2576"]
[BlackElo "2791"]
[Annotator "Szabo,Kr"]
[PlyCount "52"]
[EventDate "2017.10.08"]
[EventType "team-swiss"]
[EventRounds "7"]
[EventCountry "TUR"]
[SourceTitle "CBM 181"]
[Source "ChessBase"]
[SourceDate "2017.11.10"]
[SourceVersion "1"]
[SourceVersionDate "2017.11.10"]
[SourceQuality "1"]
[WhiteTeam "Fjolnir"]
[BlackTeam "Globus"]
[WhiteTeamCountry "ISL"]
[BlackTeamCountry "RUS"]

1. e4 e5 2. Nf3 d6 3. d4 exd4 4. Nxd4 Nf6 5. Nc3 Be7 6. Be2 O-O 7. O-O Re8 8.
f4 Bf8 9. Bf3 c5 10. Nde2 Nc6 11. Kh1 Bd7 12. Qd3 $146 {A novelty by
Steingrimsson.} (12. Be3 b5 $1 13. Ng3 b4 14. Nd5 Nxd5 15. Qxd5 Qc7 16. Rad1
Rad8 $132 {Skripchenko-Kazhgaleyev, Pontoise 2006}) (12. a4 a6 13. Be3 d5 (
13... b5 $5) 14. Nxd5 Nxe4 15. Bxe4 $6 (15. Ra3 $5) 15... Rxe4 16. Ng3 Re8 17.
f5 Ne5 $15 {Torre-Kotsur, Kazakhstan 1997}) 12... b5 $1 {The most ambitious
continuation. Black doesn't waste any time with ...a6.} 13. a3 (13. Nxb5 $2 {
is bad, because of} Nb4 14. Qc4 Nxe4 $1 15. Bxe4 d5 $17 {and Black is very
active,}) ({or} 13. Qxb5 $2 {could have been met by} Nb4 $36 {and White is in
trouble too.}) 13... b4 14. Nd5 ({In the event of} 14. axb4 Nxb4 15. Qd1 Bc6
$132 {with a double-edged fight.}) 14... Rb8 {The rook steps away from the
long diagonal and it is useful on the b-file.} 15. b3 $6 {White wants to
develop his bishop on b2, but this is an inaccuracy.} (15. Nxf6+ Qxf6 16. axb4
Nxb4 17. Qd1 $13 {was still the best with an unclear middlegame.}) 15... a5 16.
Nxf6+ ({In the event of White continuing his idea with} 16. Bb2 Nxd5 17. exd5
Ne7 $132 {followed by ...Nf5 and Black's position looks more temping.}) 16...
Qxf6 17. Rb1 (17. e5 $2 {does not working, as} dxe5 18. Qxd7 e4 $1 $17 {
and Black is better.}) 17... Rbd8 18. h3 Ne7 19. axb4 axb4 20. c4 $6 {This is
a dubious move, because it allows Black's subsequent reply!} (20. Bb2 {was
more logical,} Qh6 21. Rbd1 Ng6 22. Bc1 Nh4 $132 {with a complicated
middlegame.}) 20... bxc3 21. Nxc3 d5 $1 {A very strong break-through, from
here Black gains the initiative.} 22. exd5 (22. e5 Qh4 $36 {is also unpleasant
for White.}) 22... Bf5 23. Ne4 (23. Be4 {could have been met by} Bxe4 24. Nxe4
Qf5 $36 {with strong pressure.}) 23... Qh6 24. d6 $2 {Losing immediately, but
White's position was already difficult.} ({Still} 24. Rb2 {was tougher to get
out of the pin, but} Nxd5 25. Re2 Nxf4 26. Qb5 Qg6 27. Bxf4 Bxe4 28. Rxe4 Rxe4
29. Bxe4 Qxe4 $17 {and Black is clearly better.}) 24... Nc8 $19 {Now already
Black is winning, because the f5-bishop's pin is killing White's position.} 25.
Qd5 Qg6 $1 26. Bh5 (26. Re1 Nxd6 $19) 26... Bxe4 {A nice victory by Mamedyarov!
} 0-1